The story of the stone : (Record no. 523572)
[ view plain ]
| 000 -LEADER | |
|---|---|
| fixed length control field | 01440cam a2200373 i 4500 |
| 001 - CONTROL NUMBER | |
| control field | 1792413 |
| 003 - CONTROL NUMBER IDENTIFIER | |
| control field | NUST |
| 005 - DATE AND TIME OF LATEST TRANSACTION | |
| control field | 20190427102105.0 |
| 008 - FIXED-LENGTH DATA ELEMENTS--GENERAL INFORMATION | |
| fixed length control field | 781128m19791987inu s000 1 eng |
| 010 ## - LIBRARY OF CONGRESS CONTROL NUMBER | |
| LC control number | 78020279 |
| 020 ## - INTERNATIONAL STANDARD BOOK NUMBER | |
| International Standard Book Number | 0253192668 (set) |
| Canceled/invalid ISBN | 025329266X |
| 038 ## - RECORD CONTENT LICENSOR | |
| Staff Name | azhar |
| 040 ## - CATALOGING SOURCE | |
| Original cataloging agency | DLC |
| Transcribing agency | DLC |
| Modifying agency | DLC |
| 041 1# - LANGUAGE CODE | |
| Language code of text/sound track or separate title | eng |
| Language code of original | chi |
| 050 00 - LIBRARY OF CONGRESS CALL NUMBER | |
| Classification number | PL2727.S2 |
| Item number | S713 1979 |
| 082 00 - DEWEY DECIMAL CLASSIFICATION NUMBER | |
| Classification number | 895.1/34 |
| Edition number | 19 |
| 100 1# - MAIN ENTRY--PERSONAL NAME | |
| Personal name | Cao, Xueqin, |
| Dates associated with a name | approximately 1717-1763. |
| 9 (RLIN) | 14193 |
| 240 10 - UNIFORM TITLE | |
| Uniform title | Hong lou meng. |
| Language of a work | English |
| 245 14 - TITLE STATEMENT | |
| Title | The story of the stone : |
| Remainder of title | a novel in five volumes / |
| Statement of responsibility, etc. | by Cao Xueqin ; translated by David Hawkes. |
| 250 ## - EDITION STATEMENT | |
| Edition statement | VOLUME 4 |
| 260 ## - PUBLICATION, DISTRIBUTION, ETC. | |
| Place of publication, distribution, etc. | Bloomington : |
| Name of publisher, distributor, etc. | Indiana University Press, |
| Date of publication, distribution, etc. | [1979]-1987. |
| 300 ## - PHYSICAL DESCRIPTION | |
| Extent | 5 v. ; |
| Dimensions | 24 cm. |
| 440 #0 - SERIES STATEMENT/ADDED ENTRY--TITLE | |
| Title | Chinese literature in translation |
| 9 (RLIN) | 14237 |
| 500 ## - GENERAL NOTE | |
| General note | Translation of Hong lou meng. |
| 500 ## - GENERAL NOTE | |
| General note | Vol. 5 has cover title in Chinese: Shih tʻou chi, and subtitle: a Chinese novel by Cao Xueqin in five volumes. |
| 500 ## - GENERAL NOTE | |
| General note | Vol. 4-5: edited by Gao E; translated by John Minford. |
| 505 0# - FORMATTED CONTENTS NOTE | |
| Formatted contents note | v. 1. The golden days.--v. 2. The Crab-Flower Club.--v. 3. The warning voice.--v. 4. The debt of tears.--v. 5. The dreamer wakes. |
| 700 1# - ADDED ENTRY--PERSONAL NAME | |
| Personal name | Hawkes, David. |
| 9 (RLIN) | 14194 |
| 700 1# - ADDED ENTRY--PERSONAL NAME | |
| Personal name | Gao, E, |
| Dates associated with a name | approximately 1738-approximately 1815. |
| 9 (RLIN) | 14195 |
| 700 1# - ADDED ENTRY--PERSONAL NAME | |
| Personal name | Minford, John. |
| 9 (RLIN) | 14196 |
| 740 0# - ADDED ENTRY--UNCONTROLLED RELATED/ANALYTICAL TITLE | |
| Uncontrolled related/analytical title | Shi tou zhi. |
| 906 ## - LOCAL DATA ELEMENT F, LDF (RLIN) | |
| a | 7 |
| b | cbc |
| c | orignew |
| d | 1 |
| e | ocip |
| f | 19 |
| g | y-gencatlg |
| 942 ## - ADDED ENTRY ELEMENTS (KOHA) | |
| Source of classification or shelving scheme | |
| Koha item type | Book |
| Withdrawn status | Lost status | Source of classification or shelving scheme | Damaged status | Not for loan | Permanent Location | Current Location | Shelving location | Date acquired | Total Checkouts | Full call number | Barcode | Date last seen | Price effective from | Koha item type |
|---|---|---|---|---|---|---|---|---|---|---|---|---|---|---|
| Central Library (CL) | Central Library (CL) | Chinese Studies | 04/27/2019 | 895.1/34 XUE | CL-28 | 04/30/2024 | 04/27/2019 | Book |
